MLB Hit Leaders Since 2015 - Statistics

General Stats
  • This quiz has been taken 19 times
  • The average score is 20 of 25
Answer Stats
Teams Hits Answer % Correct
NAT, PHI 1,445 Bryce Harper
100%
ATL, LAD 1,775 Freddie Freeman
100%
HOU 1,758 Jose Altuve
100%
BOS, LAD 1,712 Mookie Betts
100%
CLE, NYM 1,664 Francisco LIndor
92%
HOU, TOR 1,412 George Springer
92%
COL, STL 1,667 Nolan Arenado
92%
ARI, STL, NYY 1,700 Paul Goldschmidt
92%
BOS, SDP 1,682 Xander Bogaerts
92%
MIA, MIL 1,507 Christian Yelich
85%
BAL, NYM, LAD, BOS, TOR, SEA, CHC 1,300 Justin Turner
85%
ORI, LAD, SDP 1,739 Manny Machado
85%
LAD, PHI 1,532 Trea Turner
85%
COL, NYY* 1,444 DJ LeMahieu
77%
CLE 1,602 José Ramírez
77%
MIA, STL, ATL 1,402 Marcell Ozuna
77%
CHW, OAK, TOR,TEX 1,541 Marcus Semien
77%
COL* 1,501 Charlie Blackmon
69%
CIN, SEA, ARI, SEA 1,375 Eugenio Suárez
69%
MIA, PHI 1,359 J.T. Realmuto
69%
PIT, ARI, MIA, OAK, NYM 1,309 Starling Marte
69%
HOU, DET, ARI, BOS, LAD, NYM* 1,376 J.D. Martinez
62%
CHW, HOU* 1,411 José Abreu
62%
DET, CHC, CIN, PHI 1,599 Nick Castellanos
62%
CLE, PHI, CLE, KCR, SEA, PIT, MIL, MIN, CLE, CHC 1,311 Carlos Santana
54%
No matching quizzes found
Score Distribution
Percent of People with Each Score
Percentile by Number Answered
Your Score History
You have not taken this quiz